| 000 | 00686nam a2200229 a 4500 | ||
|---|---|---|---|
| 001 | 4503369 | ||
| 005 | 20260427105050.0 | ||
| 008 | 971226s1997 ii b 001 0 eng | ||
| 010 | _a 97906893 | ||
| 020 | _a8170226503 | ||
| 042 | _alcode | ||
| 082 | _a321.8043 DEO | ||
| 100 | 1 |
_aDeogaonkar, S. G. _q(Shashishekhar Gopal), _d1938- |
|
| 245 | 1 | 0 |
_aParliamentary system in India / _cS.G. Deogaonkar. |
| 260 |
_aNew Delhi : _bConcept Pub. Co., _c1997. |
||
| 300 |
_a189 p. ; _c23 cm. |
||
| 365 | _bRs. 250 | ||
| 650 | 0 |
_aCabinet system _zIndia. |
|
| 650 | 0 |
_aRepresentative government and representation _zIndia. |
|
| 651 | 0 |
_aIndia _xPolitics and government. |
|
| 942 |
_2ddc _cBK |
||
| 999 |
_c11486 _d11486 |
||